00694nam a2200205Ia 4500003000400000005001700004008004100021020001800062040000600080041001200086082002000098100003800118245004500156260004400201300001600245650002900261942001200290999001900302952016700321OSt20250127142345.0231217s9999 xx 000 0 und d a9788184952797 c0 aEnglish a650.3 BUT;1 R aButler, Michael. Rose, Edward ed. 0aIntroduction to organisational behaviour c2011bJaico Publishing HouseaAhmedabad axxxiii, 503 aorganisational,behaviour cAA2ddc c196938d196938 r2024-01-26 00:00:00l0o650.3 BUT;1 Rp89988w2024-01-26yAAzDonated by Ranga Raju M S, MBA Dept.1040708CL00aMLbMLcCLd2015-08-10EDONATEDGRSF1V0W0